Statistics for Flags Visible Within the Flag of Norway

Click here to take the quiz!

General Stats

  • This quiz has been taken 318 times
    (294 since last reset)
  • The average score is 5 of 7

Answer Stats

Answer% Correct
Poland
74%
Indonesia
72%
Finland
71%
France
69%
Monaco
67%
Netherlands
60%
Thailand
60%

Score Distribution

Percentile by Number Answered

Percent of People with Each Score

Your Score History

You have not taken this quiz since the last reset